Sổ tay quy trình thống nhất về thiết kế quy hoạch đô thị
Сохранить в:
| Формат: | |
|---|---|
| Язык: | Undetermined |
| Опубликовано: |
Hà Nội
Xây Dựng
2000
|
| Предметы: | |
| Метки: |
Добавить метку
Нет меток, Требуется 1-ая метка записи!
|
| Thư viện lưu trữ: | Trung tâm Học liệu Trường Đại học Cần Thơ |
|---|
| LEADER | 00457nam a2200145Ia 4500 | ||
|---|---|---|---|
| 001 | CTU_41431 | ||
| 008 | 210402s9999 xx 000 0 und d | ||
| 082 | |a 711.4 | ||
| 082 | |b S450 | ||
| 245 | 0 | |a Sổ tay quy trình thống nhất về thiết kế quy hoạch đô thị | |
| 260 | |a Hà Nội | ||
| 260 | |b Xây Dựng | ||
| 260 | |c 2000 | ||
| 650 | |a cities and town - planning | ||
| 980 | |a Trung tâm Học liệu Trường Đại học Cần Thơ | ||